Meranie výkonnosti vzdelávacích systémov diplomová práca

Gespeichert in:
Bibliographische Detailangaben
1. Verfasser: Utľaková, Nikoleta
Körperschaft: Podnikovohospodárska fakulta EU so sídlom v Košiciach. Katedra kvantitatívnych metód
Weitere Verfasser: Tkáč, Michal, 1958-
Format: Buch
Sprache:Slowakisch
Veröffentlicht: Košice 2017
Tags: Tag hinzufügen
Keine Tags, Fügen Sie das erste Tag hinzu!

MARC

LEADER 00000nbm a2200000 4500
001 0231732
005 20230105132204.6
041 0 |a slo 
044 |a SK 
245 1 0 |a Meranie výkonnosti vzdelávacích systémov  |b diplomová práca  |c Nikoleta Utľaková ; školiteľ: Michal Tkáč 
264 1 |a Košice  |c 2017 
300 |a 88 s. 
100 1 |a Utľaková, Nikoleta 
700 1 |a Tkáč, Michal, 1958- 
710 2 |a Podnikovohospodárska fakulta EU so sídlom v Košiciach. Katedra kvantitatívnych metód